Comunicación de masas e imperialismo yanqui /

Estudio acerca de los medios de comunicación en donde a partir de su estructura y política se vincula con dos de sus funciones principales la política y la economía.

Salvato in:
Dettagli Bibliografici
Autore principale: Schiller, Herbert I. (autor)
Altri autori: Romaguera i Ramió, Joaquim (revisión) (revisión)
Natura: Libro
Lingua:spagnolo
Pubblicazione: Barcelona, España : Gustavo Gili, 1976, c1976
Serie:(Punto y Línea)
Soggetti:
Tags: Aggiungi Tag
Nessun Tag, puoi essere il primo ad aggiungerne!!

MARC

LEADER 00000nam^a2200000^a^4500
001 000013402
005 20250521000000.0
009 20260310083900.116
020 |a 84-252-0630-8 
037 |a Acervo ITESO - Biblioteca 
041 |a ESP 
082 |a 322. 31  |b SCH 
100 |a Schiller, Herbert I.  |e (autor) 
245 1 0 |a Comunicación de masas e imperialismo yanqui /  |c H.I. Schiller ; introd. de Dallas W. Smythe ; rev. de J. Romaguera i Ramió ; tr. por Caroline Phipps. 
264 4 |a Barcelona, España :  |b Gustavo Gili,  |c 1976, c1976 
300 |a 175 p. 
336 |a texto  |b txt  |2 rdacontenido 
337 |a sin mediación  |b n  |2 rdamedio 
338 |a volumen  |b nc  |2 rdasoporte 
440 1 |a (Punto y Línea) 
500 |a Traducción de: Mass Communications and American Empire 
520 |a Estudio acerca de los medios de comunicación en donde a partir de su estructura y política se vincula con dos de sus funciones principales la política y la economía. 
649 |a XX 
650 |a Imperialismo 
650 |a Medios de Comunicación -  |z EUA 
650 |a Comunicación Masiva -  |z EUA 
650 |a Comunicación y Política -  |z EUA -  |x Tema Principal 
700 |a Romaguera i Ramió, Joaquim  |e (revisión) 
910 |a Fondo General 
920 |a Impresos - Libros 
930 |a Colección General 
905 |a 101 
901 |a 0134020100  |b IT1  |c ACC  |i 013402  |u 20250521 
902 |a https://opac.biblio.iteso.mx/vufind/Record/000013402